Stan country quiz #1 - Statistics

General Stats
  • This quiz has been taken 18 times
  • The average score is 8 of 10
Answer Stats
Hint Answer % Correct
Bordering country#3 Uzbekistan
100%
Bordering country#4 Iran
93%
Religion#1 Islam
93%
Bordering country#1 Kazakhstan
93%
Bordering country#2 Afghanistan
80%
Capital Ashgabat
80%
Internet Code .tm
73%
Language Turkmen
73%
Demonym Turkmen
73%
Religion#2 Eastern Orthodox
20%
No matching quizzes found
Score Distribution
Percent of People with Each Score
Percentile by Number Answered
Your Score History
You have not taken this quiz